000 00504nam a22001937a 4500
005 20260423131103.0
008 260423b |||||||| |||| 00| 0 eng d
020 _a9989370635283
_c475.00
040 _aMAIN
041 _aEnglish
082 _a658.4038
_bGUR
100 _aGurazada, Pavankumar
_926704
245 _aAI Artificial intelligence In Business
260 _aNoida
_bVikas
_c2026
300 _a352
650 _aCommerce (PM USHA)
_926705
700 _aGupta, Seema
_922604
942 _cBK
999 _c60699
_d60699